Znajdź zagadkowe państwo po kolorach #2 - Statystyki

Ogólne statystyki
  • Ten quiz został rozwiązany 54 507 razy
  • Średni wynik to 30 z 196
Odpowiedzi na mapie
Odpowiedzi zakodowano w zielono-czerwonej skali na mapie do tego quizu, zgodnie z poniższymi procentami.
 
Statystyki odpowiedzi
Państwo % Poprawnych
Polska
81%
Rosja
63%
Stany Zjednoczone
54%
Republika Południowej Afryki
42%
Niemcy
39%
Egipt
34%
Francja
32%
Chiny
31%
Demokratyczna Republika Konga
31%
Hiszpania
28%
Kongo
27%
Włochy
27%
Niger
25%
Brazylia
24%
Kanada
24%
Sudan
23%
Kenia
22%
Lesotho
22%
Madagaskar
22%
Czad
21%
Grecja
21%
Turcja
21%
Algieria
20%
Angola
20%
Zambia
20%
Australia
19%
Czechy
19%
Etiopia
19%
Maroko
19%
Nigeria
19%
Słowenia
19%
Tanzania
19%
Ukraina
19%
Indie
18%
Japonia
18%
Libia
18%
Meksyk
18%
Mozambik
18%
Portugalia
18%
Somalia
18%
Uganda
18%
Zimbabwe
18%
Namibia
17%
Wielka Brytania
17%
Arabia Saudyjska
16%
Argentyna
16%
Dania
16%
Eswatini
16%
Norwegia
16%
Rwanda
16%
Słowacja
16%
Szwecja
16%
Albania
15%
Austria
15%
Chorwacja
15%
Irak
15%
Iran
15%
Izrael
15%
Litwa
15%
Mali
15%
Republika Środkowoafrykańska
15%
Serbia
15%
Tunezja
15%
Węgry
15%
Belgia
14%
Białoruś
14%
Chile
14%
Cypr
14%
Estonia
14%
Finlandia
14%
Ghana
14%
Holandia
14%
Islandia
14%
Jemen
14%
Kamerun
14%
Kazachstan
14%
Łotwa
14%
Malawi
14%
Malta
14%
Mongolia
14%
Oman
14%
Rumunia
14%
Senegal
14%
Sudan Południowy
14%
Szwajcaria
14%
Boliwia
13%
Bośnia i Hercegowina
13%
Bułgaria
13%
Burundi
13%
Erytrea
13%
Gabon
13%
Gwinea
13%
Indonezja
13%
Irlandia
13%
Kolumbia
13%
Kosowo
13%
Kuba
13%
Liban
13%
Macedonia Północna
13%
Monako
13%
Pakistan
13%
Panama
13%
Peru
13%
Syria
13%
Togo
13%
Urugwaj
13%
Wybrzeże Kości Słoniowej
13%
Zjednoczone Emiraty Arabskie
13%
Afganistan
12%
Andora
12%
Armenia
12%
Belize
12%
Benin
12%
Burkina Faso
12%
Czarnogóra
12%
Dominika
12%
Dżibuti
12%
Ekwador
12%
Filipiny
12%
Gambia
12%
Gruzja
12%
Gwatemala
12%
Gwinea Równikowa
12%
Haiti
12%
Honduras
12%
Jamajka
12%
Jordania
12%
Katar
12%
Komory
12%
Korea Północna
12%
Korea Południowa
12%
Kostaryka
12%
Kuwejt
12%
Laos
12%
Liberia
12%
Luksemburg
12%
Malediwy
12%
Malezja
12%
Mauretania
12%
Mauritius
12%
Mołdawia
12%
Nepal
12%
Nikaragua
12%
Nowa Zelandia
12%
Paragwaj
12%
San Marino
12%
Seszele
12%
Sri Lanka
12%
Surinam
12%
Tajlandia
12%
Tajwan
12%
Uzbekistan
12%
Watykan
12%
Wenezuela
12%
Wietnam
12%
Antigua i Barbuda
11%
Azerbejdżan
11%
Bahamy
11%
Bahrajn
11%
Bangladesz
11%
Barbados
11%
Bhutan
11%
Brunei
11%
Dominikana
11%
Fidżi
11%
Grenada
11%
Gujana
11%
Gwinea Bissau
11%
Kambodża
11%
Kirgistan
11%
Kiribati
11%
Liechtenstein
11%
Mikronezja
11%
Mjanma
11%
Nauru
11%
Palau
11%
Papua-Nowa Gwinea
11%
Republika Zielonego Przylądka
11%
Saint Kitts i Nevis
11%
Saint Lucia
11%
Saint Vincent i Grenadyny
11%
Salwador
11%
Samoa
11%
Sierra Leone
11%
Singapur
11%
Tadżykistan
11%
Timor Wschodni
11%
Tonga
11%
Trynidad i Tobago
11%
Turkmenistan
11%
Tuvalu
11%
Vanuatu
11%
Wyspy Marshalla
11%
Wyspy Salomona
11%
Wyspy Świętego Tomasza i Książeca
11%
Zagadkowe państwo
11%
Nie znaleziono quizów pasujących do podanych kryteriów
Rozkład punktacji
Procent ludzi z każdym wynikiem
Percentyl według liczby udzielonych odpowiedzi
Twoja historia wyników
Nie rozwiązałeś tego quizu